000 00353nam a2200145Ia 4500
008 230718s9999 xx 000 0 und d
041 _aEng.
082 _a346.0438
_bKEN-T
100 _aKenny, Profesor Phillip
245 4 _aThe Conyer property lays
260 _aPakistan
_bSweet and Maxasell
_c1897
300 _a1115
650 _aLaw
999 _c26535
_d26535